Prometeo encadenado (Registro nro. 3030)
[ vista simple ]
| 000 -Cabecera | |
|---|---|
| Campo de control de longitud fija | 00510aam a2200217 4500 |
| 005 - Fecha y hora de la última transacción | |
| Campo de control | 20241217102207.0 |
| 008 - Elementos de longitud fija--Información general | |
| Campo de control de longitud fija | 150624b xxu||||| |||| 00| 0 spa d |
| 020 ## - International Standard Book Number | |
| Número Internacional Estándar del Libro (ISBN) | 9977241236 |
| 041 ## - Idioma | |
| Código de idioma | Español |
| 082 ## - Clasificación Decimal Dewey | |
| Número de clasificación | 882.082 E77p |
| 100 ## - Entrada principal--Autor personal | |
| Nombre personal | Esquilo |
| 9 (RLIN) | 25551 |
| 245 ## - Título propiamente dicho | |
| Título | Prometeo encadenado |
| 260 ## - Pie de imprenta | |
| Lugar de publicación, distribución, etc. | Costa Rica |
| 260 ## - Pie de imprenta | |
| Nombre del editor, distribuidor, etc. | Fernández-Arce |
| 260 ## - Pie de imprenta | |
| Fecha de publicación, distribución, etc. | 1997 |
| 300 ## - Descripción física | |
| Extensión | 56 páginas |
| 650 ## - Materia general | |
| Temática (materia general) | LITERATURA GRIEGA |
| 650 ## - Materia general | |
| Temática (materia general) | TEATRO GRIEGO |
| 650 ## - Materia general | |
| Temática (materia general) | MITOLOGÍA GRIEGA |
| 942 ## - Punto de acceso adicional KOHA | |
| Tipo de ítem KOHA | Literatura |
| Fuente del sistema de clasificación o colocación | Dewey Decimal Classification |
| Signatura completa | Código de barras | Tipo de ítem |
|---|---|---|
| 882.082 E77p | 17711 | Literatura |